000 01369nam a2200325 c 4500
999 _c1000
_d1000
003 BLK
005 20210119162347.0
008 180412b bul|||||r ||||||| ||bul||
010 _aKNG00001758000
020 _a954-428-063-4
040 _aBLK
041 _aBUL
_cBUL
080 _aИздания за деца и юноши. Книжки-картинки. Читанки. Вж и 372.4
_b087.5
_x:03
_z087.5:03
139 _aСветът около нас
_bС 25
245 1 0 _aСветът около нас
_bЕнциклопедия за деца
_cпрев. от англ. Красимира Абаджиева.
257 _aJAP
260 _bХемус
_bТайм-Лайф букс
_c1994
_aСофия
300 _a88 с.
_bс цв. ил.
_c30 см
380 _a0
490 1 _aИскам всичко да знам
500 _aПрев. е направен от англ. изд. The World We Live In ; Ориг. загл. на япон. ез.
650 4 _aЕнциклопедии, детски
_9154962
653 _aенциклопедии
700 1 _aАбаджиева, Красимира
_eпрев. от англ.
_9363340
852 _aЦб ІІ 7467
856 4 _qpdf
_u
856 4 _qpdf
_u
942 _cKNG
_n0
_s1
944 _aCR
_c15.01.2003
_kГеновева_Генчева
944 _aED
_c08.02.2011
999 _d1000